Los fichajes más caros del fútbol - Laterales derechos - 2012-2013 - Estadísticas

Estadísticas generales
  • Esta prueba ha sido intentada 11 veces
  • La puntuación promedio es 3 de 10
Estadísticas de respuestas
Coste (M €) Nacionalidad Último club Nuevo club Jugador % Correcto
5,00 España Real Madrid Castilla Bayer Leverkusen Daniel Carvajal
80%
8,80 España Marsella Chelsea César Azpilicueta
70%
13,90 Chile Udinese Juventus Mauricio Isla
70%
6,00 Países Bajos Ajax PSG Gregory van der Wiel
30%
10,50 Brasil / Rusia Grêmio CSKA Moscú Mário Fernandes
20%
4,00 Rusia Lokomotiv Moscú Anzhi Andrey Eshchenko
10%
8,00 Italia Inter Udinese Davide Faraoni
10%
6,20 Francia LOSC Lille Newcastle United Mathieu Debuchy
10%
4,00 Rusia Lokomotiv Moscú Krasnodar Vladislav Ignatjev
10%
5,40 Brasil Fluminense Chelsea Wallace Oliveira
10%
No se encontraron pruebas coincidentes
Distribución de puntuación
Porcentaje de gente con cada puntuación
Porcentaje por número respondido
Historial de tus puntuaciones
No has intentado esta prueba.